Understanding and designing computer networks (Record no. 78444)

MARC details
000 -LEADER
fixed length control field 00828nam a2200193 a 4500
008 - FIXED-LENGTH DATA ELEMENTS--GENERAL INFORMATION
fixed length control field 120416s1995 ||||||||||||||||| || u
020 ## - INTERNATIONAL STANDARD BOOK NUMBER
International Standard Book Number 0340614196
050 ## - LIBRARY OF CONGRESS CALL NUMBER
Classification number TK 5105.5 Kin
100 ## - MAIN ENTRY--PERSONAL NAME
Personal name King, Graham A
245 10 - TITLE STATEMENT
Title Understanding and designing computer networks
260 ## - PUBLICATION, DISTRIBUTION, ETC.
Place of publication, distribution, etc. London
Name of publisher, distributor, etc. Edward Arnold
Date of publication, distribution, etc. 1995.
300 ## - PHYSICAL DESCRIPTION
Extent ix, 208p. : ill.
350 ## -
-- 0.00
650 ## - SUBJECT ADDED ENTRY--TOPICAL TERM
Topical term or geographic name entry element TELECOMMUNICATION
650 ## - SUBJECT ADDED ENTRY--TOPICAL TERM
Topical term or geographic name entry element COMPUTER NETWORKS--DESIGN AND CONSTRUCTION
650 #0 - SUBJECT ADDED ENTRY--TOPICAL TERM
Topical term or geographic name entry element COMPUTER NETWORKS
995 ## -
-- MAIN LIBRARY OPEN ACCESS
-- 0.00
-- 731816
-- CBU-MAIN LIBRARY (Kitwe)
-- 1
-- 38.00
-- TK 5105.5 Kin
-- 1
-- AVAILABLE
-- 029307
-- Main Library Open Access Collection
995 ## -
-- MAIN LIBRARY OPEN ACCESS
-- 0.00
-- 731817
-- CBU-MAIN LIBRARY (Kitwe)
-- 2
-- 38.00
-- TK 5105.5 Kin
-- 2
-- AVAILABLE
-- Jul 12, 2006
-- 029301
-- Main Library Open Access Collection
999 ## -
-- 78444
-- 78444
Holdings
Withdrawn status Lost status Source of classification or shelving scheme Damaged status Not for loan Permanent Location Current Location Shelving location Date acquired Total Checkouts Full call number Barcode Date last seen Copy number Price effective from Koha item type
          CBU-MAIN LIBRARY, KITWE. CBU-MAIN LIBRARY, KITWE.   05/17/2023   TK 5105.5 Kin 029307 05/17/2023 1 05/17/2023 MONOGRAPH
          CBU-MAIN LIBRARY, KITWE. CBU-MAIN LIBRARY, KITWE.   05/17/2023   TK 5105.5 Kin 029301 05/17/2023 2 05/17/2023 MONOGRAPH